Southville International School and Colleges
Your cart is empty.
  • Cart
  • Lists
    Public lists Eva Luna New books Lux_list list_1
    Your lists Log in to create your own lists
  • Log in to your account
  • Your cookies
  • Search history
Southville International School and Colleges
  • Advanced search
  • Recent comments
  • Most popular
  • Libraries

Log in to your account

Log in with GOOGLE


If you do not have an external account, but do have a local account, you can still log in:

  1. Home
  2. MARC view: Who was Albert Einstein? /
Normal view MARC view ISBD view

Who was Albert Einstein? / (Record no. 294933)

[ view plain ]
MARC details
000 -LEADER
fixed length control field 00987cam a2200289 a 4500
001 - CONTROL NUMBER
control field 12766352
003 - CONTROL NUMBER IDENTIFIER
control field LC
005 - DATE AND TIME OF LATEST TRANSACTION
control field 20160531154020.0
008 - FIXED-LENGTH DATA ELEMENTS--GENERAL INFORMATION
fixed length control field 020507s2002 nyua j 000 0beng d
010 ## - LIBRARY OF CONGRESS CONTROL NUMBER
LC control number 2002280613
020 ## - INTERNATIONAL STANDARD BOOK NUMBER
International Standard Book Number 9780448424965 (pbk.)
035 ## - SYSTEM CONTROL NUMBER
System control number (OCoLC)ocm49191431
040 ## - CATALOGING SOURCE
Original cataloging agency XCX
Transcribing agency XCX
Modifying agency DPL
-- DLC
042 ## - AUTHENTICATION CODE
Authentication code lccopycat
050 00 - LIBRARY OF CONGRESS CALL NUMBER
Classification number QC 16.E5
Item number B7339 2002
082 00 - DEWEY DECIMAL CLASSIFICATION NUMBER
Classification number 530/.092
-- B
100 1# - MAIN ENTRY--PERSONAL NAME
Personal name Brallier, Jess M.
245 10 - TITLE STATEMENT
Title Who was Albert Einstein? /
Statement of responsibility, etc by Jess M. Brallier ; illustrated by Robert Andrew Parker.
260 ## - PUBLICATION, DISTRIBUTION, ETC. (IMPRINT)
Place of publication, distribution, etc New York :
Name of publisher, distributor, etc Grosset & Dunlap,
Date of publication, distribution, etc c2002.
300 ## - PHYSICAL DESCRIPTION
Extent 105 p. :
Other physical details ill. ;
Dimensions 20 cm.
600 10 - SUBJECT ADDED ENTRY--PERSONAL NAME
Personal name Einstein, Albert,
Dates associated with a name 1879-1955
Form subdivision Juvenile literature.
650 #0 - SUBJECT ADDED ENTRY--TOPICAL TERM
Topical term or geographic name as entry element Physicists
Form subdivision Biography
-- Juvenile literature.
700 1# - ADDED ENTRY--PERSONAL NAME
Personal name Parker, Robert Andrew,
Relator term ill.
906 ## - LOCAL DATA ELEMENT F, LDF (RLIN)
a 7
b cbc
c copycat
d 3
e ncip
f 20
g y-gencatlg
942 ## - ADDED ENTRY ELEMENTS (KOHA)
Source of classification or shelving scheme Library of Congress Classification
Koha item type Books
Holdings
Withdrawn status Lost status Source of classification or shelving scheme Damaged status Home library Current library Shelving location Date acquired Source of acquisition Total Checkouts Full call number Barcode Date last seen Date checked out Price effective from Koha item type
    Library of Congress Classification   Luxembourg Library Luxembourg Library Reference Section 05/24/2016 Library Fund 2 QC 16.E5 B7339 2002 20142 04/03/2017 03/17/2017 05/24/2016 Books

Who was Albert Einstein? /

APA

Brallier J. M., Parker R. A., . (2002). Who was Albert Einstein?. New York: Grosset & Dunlap.

Chicago

Brallier Jess M, Parker Robert Andrew, . 2002. Who was Albert Einstein?. New York: Grosset & Dunlap.

Harvard

Brallier J. M., Parker R. A., . (2002). Who was Albert Einstein?. New York: Grosset & Dunlap.

MLA

Brallier Jess M, Parker Robert Andrew, . Who was Albert Einstein?. New York: Grosset & Dunlap. 2002.

  • Place hold
  • Print
  • Cite
  • Add to your cart (remove)
  • Save record
    BIBTEX Dublin Core MARCXML MARC (non-Unicode/MARC-8) MARC (Unicode/UTF-8) MARC (Unicode/UTF-8, Standard) MODS (XML) RIS
  • More searches
    Search for this title in:
    Other Libraries (WorldCat) Other Databases (Google Scholar) Online Stores (Bookfinder.com) Open Library (openlibrary.org)

Exporting to Dublin Core...

SOUTHVILLE LIBRARY

Southville International School and Colleges Library

1281 Tropical Ave. Cor. Luxembourg St., BF Homes International, Las Pinas City

Tel. No. 8256374 / 252358 Loc. 117/146

Powered by Koha